00499nam a2200145 i 450000100060000000300090000600500170001500700030003200800410003511100640007624500730014026000710021330000350028485200340031946199ES-MaACL20230906161337.0t|030328s1956 mx ||||1| spa d2 aConferencia Interamericana de Seguridad Social (cMéxico)10aLegislación comparada de los seguros sociales en América Latina. aMéxico : bSecretaría General del Comité Permanente, c1956. a43 p. : b6 gráf. ; c26 cm. aES-MaACLj1972-F-25 bR.40389